| Tag |
First Indicator |
Second Indicator |
Subfields |
| LEADER |
00000cam a22000004a 4500 |
| 001 |
in00001701113 |
| 005 |
20151024145254.0 |
| 008 |
020815s1960 gw 001 0 ger c |
| 035 |
|
|
|a (OCoLC)ocm50411967
|
| 040 |
|
|
|a TXA
|c TXA
|d UtOrBLW
|
| 041 |
1 |
|
|a ger
|h rus
|
| 042 |
|
|
|a pcc
|
| 043 |
|
|
|a e-ur---
|
| 049 |
|
|
|a TXAM
|
| 050 |
|
4 |
|a DK265
|b .T77215 1960
|
| 100 |
1 |
|
|a Trotsky, Leon,
|d 1879-1940.
|
| 240 |
1 |
0 |
|a Istorii︠a︡ russkoĭ revoli︠u︡t︠s︡ii.
|l German
|
| 245 |
1 |
0 |
|a Geschichte der russischen Revolution /
|c Leo Trotzki ; [Deutsch von Alexandra Ramm].
|
| 264 |
|
1 |
|a [Berlin] :
|b S. Fischer,
|c 1960.
|
| 300 |
|
|
|a 758 pages ;
|c 21 cm.
|
| 336 |
|
|
|a text
|b txt
|2 rdacontent
|
| 337 |
|
|
|a unmediated
|b n
|2 rdamedia
|
| 338 |
|
|
|a volume
|b nc
|2 rdacarrier
|
| 490 |
0 |
|
|a Neue Serie
|
| 505 |
2 |
|
|a 1. Tl. Die Februarrevolution -- 2. Tl. Die Oktoberrevolution.
|
| 500 |
|
|
|a Includes index.
|
| 536 |
|
|
|a A gift from the library of Herbert A. Roeller, December 1998.
|
| 651 |
|
0 |
|a Soviet Union
|x History
|y Revolution, 1917-1921.
|
| 948 |
|
|
|a cataloged
|b h
|c 2002/8/15
|d o
|e jmarner
|f 10:49:41 am
|
| 994 |
|
|
|a E0
|b TXA
|
| 999 |
|
|
|a MARS
|
| 999 |
f |
f |
|s 46e415a0-ed9c-3a83-866e-626e1ab744db
|i 95b17a64-97c8-389f-a586-763a1c2f0a5f
|t 0
|
| 952 |
f |
f |
|p ric
|a Texas A&M University
|b Rellis Campus
|c Joint Library Facility
|d Remote Storage
|t 0
|e DK265 .T77215 1960
|h Library of Congress classification
|i unmediated -- volume
|m A14829040121
|
| 998 |
f |
f |
|a DK265 .T77215 1960
|t 0
|l Remote Storage
|